MDQL
is popping MORE tags! Check the
thread
!
Quizzes
Events
Quiz Creation
Community
Videos
Private Events
Remove Ads
Sign In
Join for FREE
Feedback
Dark Mode
Quiz Categories
Sports
Geography
Music
Movies
Television
Just For Fun
Miscellaneous
History
Literature
Language
Science
Gaming
Entertainment
Religion
Holiday
For Kids
Quiz Lab
Recent
Popular Today
Quiz Kudos Today
Editor Picks
Curator Picks
Quizzes by...
Day
Popularity
Type
Ratings
Length
Year
Community
Subscriptions
Recent Discussions
Orange Saloon
Badges
Playlists
Quests
Create
Leaderboards
Showdown
Live 5
Trivia Bingo
Activity
Puzzle Library
Sporcle Events
Private Events
Virtual Trivia
Globe League
Become a Host
Pub Owners
SporcleCon
Opinionation
Our Games
Videos
Blog
Mobile Apps
Partnerships
Remove Ads and Go Orange
Feedback
Literature
Harry Potter
A Song of Ice and Fire
The Hunger Games
Literary Character
Shakespeare
Book
Author
Novel
Poem
Young Adult
Children's Books
Play
Lord of the Rings
Literature
Harry Potter
A Song of Ice and Fire
The Hunger Games
Literary Character
Shakespeare
Book
Author
Novel
Poem
Young Adult
Children's Books
Play
Lord of the Rings
Random Quiz
Search Sporcle
×
Quiz Lab
Quiz Lab
Literature
Harry Potter
Type in answers that appear in a list
Type in answers that appear in a list
Classic
Best Score? Go Orange.
Harry Potter Spells, Charms, and More Stats
Can you name the Harry Potter Spells, Charms, and More?
By
Iz13
10m
30 Questions
484 Plays
484 Plays
484 Plays
Comments
Comments
Give Quiz Kudos
Give Quiz Kudos
-
- Ratings
hide this ad
More Info
Replay
Link that replays current quiz
Next Quiz
Link to next quiz in quiz playlist
You Got
0%
They Got
Avg Score
60%
Avg Friend Score
Upgrade to see
Score Distribution
Jump to the score distribution portion of the page
Score
0/30
Timer
10:00
0
Plays Today
Result/Effect
Incantation
% Correct
Summons Object
Accio
94.4%
Creates Light
Lumos
90.3%
Creates Patronus
Expecto Patronum
89.5%
Disarms Opponent
Expelliarmus
89%
Kills Opponent
Avada Kedavra
87.6%
Tortures Opponent
Crucio
87.6%
Enlarges an Item
Engorgio
84.7%
Repairs Broken Item
Reparo
84.1%
Erase Memories
Obliviate
82.6%
User Gets Full Control Over Another Person
Imperio
82%
Extinguishes Light
Nox
80.8%
Amplifies voice
Sonorus
79.8%
Opens Locks
Alohomora
79.5%
Starts Fire
Incendio
68.2%
Protects User and Sends A Spell Back To Opponent
Protego
63.4%
Result/Effect
Incantation
% Correct
Causes Lacerations To Appear on Opponents Body
Sectumsempra
58.7%
Makes Opponent Temporarily Confused
Confundus
56.2%
Summons The Dark Mark
Morsmordre
54.5%
Produces a Snake
Serpensortia
52.9%
Make Birds Fly Out of End of Wand
Avis
52.9%
Heals Minor Wounds
Episkey
50.4%
Makes Things Quiet, Used To Muffle 'Sonorus'
Quietus
40.1%
Forces Opponents Legs to Dance Uncontrollably
Tarantallegra
33.9%
Makes Teeth Grow
Densaugeo
33.7%
Locks Opponents Legs
Locomotor Mortis
27.1%
Immobilize The Target
Immobulus
26.2%
Moves a Body One Place To Another
Mobilicorpus
21.7%
Makes Invisible Ink Visable
Aparecium
19.4%
Reveals Last Cast Spell on a Wand
Prior Incantato
18.8%
Erases Last Cast Spell
Deletrius
17.6%
Quiz Playlist
Details
Report
Send in Message
Add To Playlist
More Info:
This quiz includes Spells, Charms, Enchantments, Curses, and Jinxes.
Classic:
Type in answers that appear in a list
Last Updated: Feb 16, 2017
Quiz Scoreboard
CHALLENGE
Sign Up to Join the Scoreboard
Show All
Scores
Hide
Comments
May contain spoilers
Recently Published
Image Sorting: Flags VI
by Barbecue
Geography
2m
Find the 'City' Movie
by crazypaving
Movies
60s
Colored Red Africa Blitz
by spor1
Geography
45s
More to Explore
Quiz From the Vault
Featured Blog Post
14 Easter Pick-up Lines to Find Eggs With
hide this ad
You Might Also Like...
Tags
Harry Potter Quiz
Harry Potter Spells
Today's Top Quizzes in Literature
Browse Literature
hide this ad
Today's Top Quizzes in Harry Potter
Browse Harry Potter
Top Contributed Quizzes in Literature
1
Sneaky Slytherin Logic Puzzle
2
Harry Potter logic puzzle: The Hogwarts Soap Opera
3
Harry Potter Slytherin Logic Puzzle
4
Get The Picture: Black or White Literature
5
ASOIAF Siblings Logic Puzzle
6
'Middle' Earth
7
A Song of Ice and Fire Logic Puzzle
8
Harry Potter Logic Puzzle 1
9
Logic Puzzle: Avoid Dumbledore's Army
10
Mini Trivia Sudoku: A Song of Ice and Fire
Explore More
Trending Topics
NBA
Crossword
Disney
Kpop
Anime
Harry Potter
Marvel
Pokémon
WWE
Soccer
Country
The Office
Puzzle
NFL
Song
hide this ad
More By:
Iz13
Quiz
Plays
Rating
Category
Featured
Created
Taylor Swift- Speak Now CD Lyrics
3,222
3.93
Music
Mar 5, 2011
Most Common Baby Middle Names 2010
3,173
5.00
Miscellaneous
Feb 4, 2012
HARRY POTTER TRIVIA
968
3.07
Literature
Mar 27, 2011
Harry Potter Hogwarts Students
915
3.88
Literature
Mar 7, 2011
Harry Potter Spells, Charms, and More
484
3.80
Literature
Mar 7, 2011
Go to Creator's Profile
Score Distribution
Quiz Creator Spotlight
Iz13
Follow
Send a Message
Quizzes Created
-
Created Quiz Play Count
-
More By This Creator
Popular Quizzes Today
1
Colored Red Africa Blitz
2
Find the US States - No Outlines Minefield
3
Find the 'City' Movie
4
5x2 Blitz: Bands
5
The Countries of the World
6
Find the US States
7
Find the Countries of Europe - No Outlines Minefield
8
US States
More Literature Quizzes
5-Star Literary Surnames II
Published
Trending Quizzes
Colored Red Europe Blitz I
Colored Red Europe Blitz II
Colored Red Africa Blitz II
Colored Red Europe Blitz III
Colored Red Africa Blitz III
Recently Updated
How Do You Spell That?
pecheneg
Godzilla Movies
pecheneg
Grab Bag: 4-10 Letters
pecheneg
2024 March Madness Bracket
pecheneg
Famous TV Couples
Peacemaker
Champions League XIs: Real Madrid
pecheneg
Largest US Cities 1790-2010
pecheneg
Rides in Walt Disney World
pecheneg
Most Oscar Losses (Acting)
pecheneg
Beyoncé Albums
pecheneg
Trending Topics
Kpop
NBA
Crossword
Anime
Harry Potter
Marvel
Disney
Soccer
Pokémon
Song
Puzzle
Country
NFL
WWE
The Office
Your Account Isn't Verified!
In order to create a playlist on Sporcle, you need to verify the email address you used during registration. Go to your
Sporcle Settings
to finish the process.
Report this User
Report this user for behavior that violates our
Community Guidelines
.
Details:
Send Report
Go to the Sporcle.com Mobile Site →
Comments